000 00642nam a22001817a 4500
005 20251108173411.0
008 250721s2007 xx 000 0 ara d
082 1 4 _a933/ حاك
100 1 _aأبو حاكمة، هشام محمد
245 1 0 _aالاساطير المؤسسة للتاريخ الإسرئيلي القديم /
264 1 _aعمان :
_bدار الجليل للنشر و الدراسات و الأبحاث الفلسطينية،
_c2007.
300 _a322ص.
650 1 7 _aتاريخ إسرائيل
650 1 7 _aتاريخ فلسطبن
650 1 7 _aالتاريخ القديم
942 _2ddc
_cBK
999 _c103019
_d103019